[Event "Tourn. n9983"]
[Site "www.echecsemail.com"]
[Date "2018.11.17"]
[Round "1"]
[White "Julian"]
[Black "Cal"]
[WhiteElo "1690"]
[BlackElo "1760"]
[Result "0-1"]
[Round "1"]
1.e4 e5
2.Ng1f3 d6
3.d4 exd4
4.Nf3xd4 a6
5.c4 h6
6.Nb1c3 Ng8f6
7.Bf1e2 c5
8.Nd4f3 Bc8e6
 { time }
0-1

[Event "Tourn. n9975"]
[Site "www.echecsemail.com"]
[Date "2018.11.17"]
[Round "1"]
[White "Fabos12"]
[Black "Apdash"]
[WhiteElo "2010"]
[BlackElo "2240"]
[Result "1/2-1/2"]
[Round "1"]
1.d4 d5
2.Bc1f4 e6
3.c3 c5
4.e3 Ng8f6
5.h3 Nb8c6
6.Bf1b5 a6
7.Bb5a4 cxd4
8.cxd4 Bf8b4
9.Nb1d2 Nf6e4
10.Ng1f3 b5
11.Ba4c2 Qd8a5
12.Bc2xe4 dxe4
13.Nf3e5 Nc6xe5
14.Bf4xe5 f6
15.Be5g3 Bc8b7
16.a3 Bb4xd2
17.Qd1xd2 Qa5xd2
18.Kxd2 Ra8c8
19.Ra1c1 Kd7
20.Rc1c3 Rc8c4
21.Rh1c1 Rh8c8
22.b3 Rc4xc3
23.Rc1xc3 Bb7d5
24.Rc3xc8 Kxc8
25.Kc3 Kb7
26.Bg3d6 g6
27.g4 Kc6
28.Bd6e7 f5
29.g5 Kd7
30.Be7c5 Kc6
31.b4 Bd5c4
32.Bc5f8 { draw }
1/2-1/2

[Event "Tourn. n9982"]
[Site "www.echecsemail.com"]
[Date "2018.11.17"]
[Round "1"]
[White "Apdash"]
[Black "Tartan"]
[WhiteElo "2320"]
[BlackElo "2610"]
[Result "0-1"]
[Round "1"]
1.e4 c5
2.Ng1f3 Nb8c6
3.d4 cxd4
4.Nf3xd4 g6
5.c3 Bf8g7
6.Bc1e3 Ng8f6
7.Nb1d2 O-O
8.Bf1e2 e5
9.Nd4b5 d6
10.f3 a6
11.Nb5a3 d5
12.O-O d4
13.cxd4 exd4
14.Be3g5 d3
15.e5 Qd8d4
16.Kh1 dxe2
17.Qd1xe2 Qd4xe5
18.Qe2xe5 Nc6xe5
19.Na3c4 Ne5xc4
20.Nd2xc4 Bc8e6
21.Nc4d6 h6
22.Bg5h4 b5
23.Nd6b7 Rf8c8
24.Nb7d6 Rc8c6
25.Rf1d1 Nf6d5
26.Nd6e4 f5
27.Ne4d2 Bg7xb2
28.Ra1b1 Nd5c3
29.Rb1xb2 Nc3xd1
30.Rb2b1 Nd1c3
31.Rb1e1 Be6xa2
32.Re1e7 Rc6d6
33.Bh4e1 Rd6e6
34.Re7xe6 Ba2xe6
35.f4 b4
36.Nd2f3 Ra8c8
37.Nf3d4 Rc8d8
38.Be1f2 b3
{ resign }
0-1

[Event "Fast Game"]
[Site "www.echecsemail.com"]
[Date "2018.11.17"]
[Round "1"]
[White "Cemaah"]
[Black "Ermejo69"]
[WhiteElo "1599"]
[BlackElo "1599"]
[Result "1-0"]
[Round "1"]
1.e4 e6
2.d4 d5
3.Nb1d2 dxe4
4.Nd2xe4 Nb8d7
5.Ng1f3 Ng8f6
6.Ne4xf6 Nd7xf6
7.g3 c5
8.Bf1g2 cxd4
9.Qd1xd4 Qd8xd4
10.Nf3xd4 Bf8c5
11.Nd4b3 Bc5b6
12.a4 a5
13.Nb3d2 O-O
14.Nd2c4 Bb6c5
15.Bc1d2 Bc5b4
16.c3 Bb4e7
17.Nc4b6 Ra8a6
18.Nb6xc8 Rf8xc8
19.Bg2xb7  { time }
1-0

[Event "Tourn. n9973"]
[Site "www.echecsemail.com"]
[Date "2018.11.18"]
[Round "1"]
[White "Iko"]
[Black "Osopanda"]
[WhiteElo "1830"]
[BlackElo "1840"]
[Result "1-0"]
[Round "1"]
1.e4 c5
2.c4 d6
3.f4 Nb8c6
4.Bf1d3 e6
5.Ng1f3 Ng8f6
6.O-O Bf8e7
7.Nb1c3 O-O
8.Qd1e1 a6
9.e5 dxe5
10.fxe5 Nf6g4
11.Qe1g3 h5
12.Bd3e4 f5
13.Be4xc6 bxc6
{ time. }
1-0

[Event "Match"]
[Site "www.echecsemail.com"]
[Date "2018.11.18"]
[Round "1"]
[White "Paco"]
[Black "Zorkvonblitz"]
[WhiteElo "2020"]
[BlackElo "1649"]
[Result "1-0"]
[Round "1"]
1.e4 e5
2.Ng1f3 Bf8d6
3.Bf1c4 Ng8e7
4.Nf3g5 Rh8f8
5.Ng5xh7 Rf8h8
6.Qd1f3 f5
7.Qf3h5 { resign }
1-0

[Event "Match"]
[Site "www.echecsemail.com"]
[Date "2018.11.18"]
[Round "1"]
[White "Ketchuplover"]
[Black "Bjonil60"]
[WhiteElo "1950"]
[BlackElo "1530"]
[Result "1-0"]
[Round "1"]
1.g3 d6
2.Bf1g2 Ng8f6
3.d4 e6
4.Ng1f3 d5
5.O-O Qd8e7
6.a3 h6
7.b3 b6
8.Bc1b2 g6
9.Nb1d2  { time }
1-0

[Event "Match"]
[Site "www.echecsemail.com"]
[Date "2018.11.18"]
[Round "1"]
[White "Ketchuplover"]
[Black "Luke1302"]
[WhiteElo "1980"]
[BlackElo "1420"]
[Result "1-0"]
[Round "1"]
1.Ng1f3 d5
2.b3 Qd8d7
3.Bc1b2 Nb8c6
4.g3 g6
5.Bb2xh8 f6
6.h4 b6
7.Bf1g2 Nc6a5
8.a4 Bf8g7
9.Bh8xg7 Bc8b7
10.Nb1a3 d4
11.d3 Bb7xf3
12.Bg2xf3 Qd7d6
13.Bf3xa8 Qd6d8
14.Ba8g2 { resign }
1-0

[Event "Match"]
[Site "www.echecsemail.com"]
[Date "2018.11.18"]
[Round "1"]
[White "Tonino1"]
[Black "Liencam2"]
[WhiteElo "2120"]
[BlackElo "2350"]
[Result "1-0"]
[Round "1"]
1.f4 d5
2.d4 Ng8f6
3.e3 Bc8f5
4.Bf1d3 Nf6e4
5.Ng1f3 e6
6.O-O Nb8d7
7.Qd1e2 c6
8.c3 c5
9.Nb1d2 Ne4d6
10.Nf3e5 Bf5xd3
11.Qe2xd3 cxd4
12.exd4 Nd7f6
13.b3 Bf8e7
14.c4 Nd6e4
15.cxd5 exd5
16.Qd3b5 Nf6d7
17.Qb5xd5 Ne4xd2
18.Qd5xf7 { resign }
1-0

[Event "Match"]
[Site "www.echecsemail.com"]
[Date "2018.11.18"]
[Round "1"]
[White "Dussek"]
[Black "Ketchuplover"]
[WhiteElo "1880"]
[BlackElo "1980"]
[Result "0-1"]
[Round "1"]
1.e4 Ng8f6
2.e5 Nf6d5
3.Bf1c4 Nd5b6
4.Bc4b3 e6
5.d4 Bf8e7
6.Ng1f3 O-O
7.Bc1e3 Nb8c6
8.c3 a5
9.O-O a4
10.Bb3c2 g6
11.Nb1d2 Nb6d5
12.Be3h6 Rf8e8
13.Nf3g5 Be7xg5
14.Bh6xg5 Qd8xg5
15.Nd2f3 Qg5h5
16.Qd1d2 b5
17.h3 d6
18.Bc2e4 Bc8b7
19.Nf3g5 h6
20.Ng5f3 dxe5
21.Ra1c1 f5
22.Be4xd5 exd5
23.dxe5 Nc6xe5
24.Nf3xe5 Re8xe5
25.f4 Re5e2
26.Qd2d3 d4
27.cxd4 Re2xg2
{ resign }
0-1

[Event "Match"]
[Site "www.echecsemail.com"]
[Date "2018.11.18"]
[Round "1"]
[White "Witpar"]
[Black "Ericleo1980"]
[WhiteElo "2720"]
[BlackElo "1980"]
[Result "1-0"]
[Round "1"]
1.d4 Ng8f6
2.c4 e6
3.Ng1f3 d5
4.Nb1c3 c6
5.e3 Nb8d7
6.Qd1c2 Bf8d6
7.g4 dxc4
8.Bf1xc4  { time }
1-0

[Event "Tourn. n9973"]
[Site "www.echecsemail.com"]
[Date "2018.11.18"]
[Round "1"]
[White "Picifarkinca"]
[Black "Julian"]
[WhiteElo "1670"]
[BlackElo "1730"]
[Result "1-0"]
[Round "1"]
1.Ng1f3 d6
2.g3 e5
3.d3 Ng8f6
4.Bf1g2 c6
5.O-O Bf8e7
6.c4 Bc8e6
7.Nb1c3 O-O
8.a4 Nb8d7
9.e4 d5
10.Nf3g5 d4
11.Ng5xe6 fxe6
12.Nc3e2 a5
13.f4 exf4
14.Ne2xf4 Nd7c5
{ time. }
1-0

[Event "Tourn. n9962"]
[Site "www.echecsemail.com"]
[Date "2018.11.18"]
[Round "1"]
[White "Hansen"]
[Black "Ditto"]
[WhiteElo "1610"]
[BlackElo "1830"]
[Result "1-0"]
[Round "1"]
1.d4 d5
2.h3 Ng8f6
3.Bc1g5 Bc8f5
4.Nb1c3 e6
5.g4 Bf5g6
6.a3 Bf8e7
7.Ng1f3 Nb8c6
8.e3 Nf6e4
9.h4 Be7xg5
10.hxg5 Qd8e7
11.Bf1b5 Qe7d7
12.Nf3e5 Ne4xg5
13.Bb5xc6 bxc6
14.Ne5xd7 Kxd7
15.f4 Ng5e4
16.Nc3a4 h6
17.c3 Ra8b8
18.Qd1f3 Ne4d6
19.Na4c5 Ke7
20.f5 exf5
21.gxf5 Nd6xf5
22.Qf3f4 Nf5d6
23.Rh1f1 Rh8f8
24.Qf4e5 Kd8
25.Qe5xg7 Rf8e8
26.Rf1f6 Re8xe3
27.Kf2 Re3d3
28.Qg7f8 Nd6e8
29.Nc5xd3 Kd7
30.Nd3e5 Kd8
31.Ne5xc6 { resign }
1-0

[Event "Tourn. n9977"]
[Site "www.echecsemail.com"]
[Date "2018.11.18"]
[Round "1"]
[White "Odin"]
[Black "Osopanda"]
[WhiteElo "1980"]
[BlackElo "1850"]
[Result "1-0"]
[Round "1"]
1.e4 e5
2.Ng1f3 Nb8c6
3.Bf1b5 d6
4.d4 exd4
5.Nf3xd4 Bc8d7
6.Nb1c3 Ng8f6
7.Bc1g5 Bf8e7
8.Nd4xc6 bxc6
9.Bb5a4 O-O
10.Bg5xf6 Be7xf6
11.O-O Qd8e8
12.Rf1e1 Bf6e5
13.Qd1d2 Qe8e6
{ time. }
1-0

[Event "Tourn. n9939"]
[Site "www.echecsemail.com"]
[Date "2018.11.18"]
[Round "1"]
[White "Cathar"]
[Black "Numanoid"]
[WhiteElo "2280"]
[BlackElo "2560"]
[Result "0-1"]
[Round "1"]
1.Ng1f3 b5
2.g3 Bc8b7
3.Bf1g2 c5
4.O-O Ng8f6
5.a4 b4
6.d3 e6
7.Nb1d2 d5
8.e4 Nb8c6
9.Rf1e1 Bf8e7
10.e5 Nf6d7
11.Nd2f1 Qd8c7
12.Qd1e2 O-O
13.h4 Rf8c8
14.Bc1f4 Nc6d4
15.Nf3xd4 cxd4
16.Ra1c1 b3
17.cxb3 Qc7b6
18.Nf1h2 Nd7c5
19.Rc1d1 Bb7a6
20.Bf4g5 Be7f8
21.Nh2g4 Qb6xb3
22.Ng4f6 gxf6
23.Bg5xf6 h6
24.Qe2g4 Kh7
25.Qg4xd4 Ba6xd3
{ resign }
0-1

[Event "Tourn. n9978"]
[Site "www.echecsemail.com"]
[Date "2018.11.18"]
[Round "1"]
[White "Julian"]
[Black "Picifarkinca"]
[WhiteElo "1710"]
[BlackElo "1670"]
[Result "0-1"]
[Round "1"]
1.e4 c5
2.Ng1f3 e6
3.d4 cxd4
4.Nf3xd4 a6
5.c4 Nb8c6
6.Nb1c3 Qd8c7
7.Bf1e2 Nc6xd4
8.Qd1xd4 Ng8e7
9.O-O Ne7c6
10.Qd4d3 Bf8d6
11.h3 Bd6h2
12.Kh1 { time. }
0-1

[Event "Tourn. n9963"]
[Site "www.echecsemail.com"]
[Date "2018.11.18"]
[Round "1"]
[White "Mitja"]
[Black "Johnmcbride"]
[WhiteElo "1970"]
[BlackElo "2020"]
[Result "1-0"]
[Round "1"]
1.d4 d5
2.e3 Ng8f6
3.c3 Nb8c6
4.Ng1f3 Bc8f5
5.h3 Qd8d6
6.Bf1e2 O-O-O
7.b3 h5
8.Bc1a3 Qd6d7
9.Ba3b2 e6
10.a4 a6
11.Bb2a3 Bf5xb1
12.Qd1xb1 Bf8xa3
13.Ra1xa3 Qd7d6
14.Ra3a1 Rh8e8
15.O-O Nf6e4
16.Qb1c2 f5
17.b4 Qd6e7
18.b5 axb5
19.axb5 Nc6b8
20.Nf3e5 Qe7h4
21.Be2d3 Ne4d6
22.Ra1a8 Qh4f6
23.Qc2a4 Nd6xb5
24.Bd3xb5 c6
25.Bb5xc6 Re8e7
26.Rf1b1 g5
27.Rb1xb7 Re7xb7
28.Bc6xb7 Kc7
29.Qa4a5 Kxb7
30.Qa5a7 { resign }
1-0

[Event "Match"]
[Site "www.echecsemail.com"]
[Date "2018.11.18"]
[Round "1"]
[White "Geodad5"]
[Black "Tonino1"]
[WhiteElo "2100"]
[BlackElo "2120"]
[Result "1-0"]
[Round "1"]
1.e4 d6
2.d4 Ng8f6
3.Nb1c3 c6
4.Ng1f3 Qd8c7
5.h3 g6
6.Bf1d3 e5
7.dxe5 dxe5
8.O-O Bf8g7
9.Bc1e3 O-O
10.Qd1d2 Rf8e8
11.Be3h6 Bg7h8
12.Nf3h2 a5
13.f4 Nf6h5
14.f5 Qc7b6
15.Qd2f2 Qb6xf2
16.Rf1xf2 Nb8d7
17.Ra1f1 Nh5g7
18.Nh2g4 Ng7h5
19.fxg6 hxg6
20.Rf2xf7 Nd7c5
21.Rf7f8 Re8xf8
22.Rf1xf8 Kh7
23.Bd3c4 Nh5f6
24.Rf8f7 Kg8
25.Rf7xf6 Kh7
26.Rf6f7 Kg8
27.Rf7f8 Kh7
28.Bc4g8 
1-0

[Event "Tourn. n10001"]
[Site "www.echecsemail.com"]
[Date "2018.11.18"]
[Round "1"]
[White "Zorkvonblitz"]
[Black "Cemaah"]
[WhiteElo "1649"]
[BlackElo "1859"]
[Result "0-1"]
[Round "1"]
1.f4 d5
2.e3 Nb8c6
3.Bf1b5 Qd8d6
4.Bb5xc6 Qd6xc6
5.Ng1f3 Bc8g4
6.h3 Bg4xf3
7.gxf3 O-O-O
8.d4 f6
9.f5 Ng8h6
10.Qd1e2 Nh6xf5
11.Nb1d2 Nf5g3
{ resign }
0-1

[Event "Tourn. n9980"]
[Site "www.echecsemail.com"]
[Date "2018.11.18"]
[Round "1"]
[White "Amaya"]
[Black "Tbsundar"]
[WhiteElo "2100"]
[BlackElo "1880"]
[Result "1-0"]
[Round "1"]
1.d4 d5
2.e3 c6
3.Bf1d3 Ng8f6
4.f4 e6
5.Nb1d2 Nb8d7
6.Ng1f3 Bf8d6
7.O-O O-O
8.Nf3e5 Qd8c7
9.Qd1f3 c5
10.c3 c4
11.Bd3c2 a6
12.g4 h6
13.g5 hxg5
14.fxg5 Bd6xe5
15.gxf6 Be5xf6
16.Qf3h5 g6
17.Bc2xg6 fxg6
18.Qh5xg6 Kh8
19.Rf1f3 Bf6g7
20.Rf3h3 Kg8
21.Qg6h7 Kf7
22.Nd2f3 Nd7f6
23.Nf3g5 Ke8
24.Qh7g6 Kd8
25.Bc1d2 Nf6e4
26.Ng5xe4 dxe4
27.Rh3h7 Rf8g8
28.Bd2e1 e5
29.Be1h4 Kd7
30.Qg6f7 Kc6
31.Qf7xg8 Bc8f5
32.Qg8xa8 Bf5xh7
33.Qa8e8 Kd5
34.Qe8d8 Qc7xd8
35.Bh4xd8 exd4
36.cxd4 Bg7h6
37.Kf2 Bh7f5
38.Ra1g1 b5
39.Bd8g5 Bh6f8
40.Bg5f4 b4
41.Rg1g5 Ke6
42.Rg5g8 Bf8e7
43.Rg8a8 c3
44.Ra8xa6 Kf7
45.bxc3 bxc3
46.Ra6c6 Be7b4
47.a3 Bf5d7
48.Rc6c7 Bb4a5
49.Rc7xd7 Ke8
50.Rd7d6 { resign }
1-0

[Event "Match"]
[Site "www.echecsemail.com"]
[Date "2018.11.18"]
[Round "1"]
[White "Mitja"]
[Black "Bojan"]
[WhiteElo "1910"]
[BlackElo "1960"]
[Result "1-0"]
[Round "1"]
1.d4 d5
2.e3 Ng8f6
3.c3 a6
4.h3 Qd8d6
5.Ng1f3 c5
6.dxc5 Qd6xc5
7.b3 Qc5c7
8.Bc1b2 Nb8c6
9.Nb1a3 e5
10.Na3c2 h6
11.Bf1e2 Bc8e6
12.O-O e4
13.Nf3d4 Be6d7
14.Nd4xc6 bxc6
15.c4 Bd7e6
16.Nc2d4 Bf8e7
17.Nd4xe6 fxe6
18.cxd5 exd5
19.Ra1c1 O-O
20.Bb2xf6 Be7xf6
21.Qd1xd5 Kh8
22.Qd5xe4 c5
23.Be2d3 a5
24.Qe4h7 { resign }
1-0

[Event "Match"]
[Site "www.echecsemail.com"]
[Date "2018.11.19"]
[Round "1"]
[White "Tonino1"]
[Black "Add"]
[WhiteElo "2150"]
[BlackElo "2210"]
[Result "1-0"]
[Round "1"]
1.f4 d5
2.d4 Ng8f6
3.e3 c6
4.Bf1d3 e6
5.Ng1f3 Bf8e7
6.O-O O-O
7.c3 h6
8.Nb1d2 Nb8d7
9.Nf3e5 c5
10.g4 c4
11.Bd3c2 Nf6e8
12.e4 Nd7xe5
13.fxe5 Ne8c7
14.exd5 exd5
15.Nd2f3 Bc8xg4
16.Qd1e1 Bg4xf3
17.Rf1xf3 Be7g5
18.Bc1xg5 Qd8xg5
19.Rf3g3 Qg5f4
20.Qe1e2 Nc7e6
21.Ra1f1 Qf4h4
22.Qe2e3 Ne6g5
23.Rf1f4 Qh4h5
24.h4 Ng5e6
25.Rf4g4 f5
26.exf6 Rf8xf6
27.Bc2g6 Rf6xg6
28.Rg4xg6 Ra8e8
29.Rg6xe6 Re8xe6
30.Qe3xe6 Kh7
31.Qe6g4 Qh5f7
32.h5 Qf7e7
33.Qg4f5 Kh8
34.Qf5xd5 Qe7e1
35.Kh2 Qe1f2
36.Qd5g2 Qf2f7
37.Qg2f3 Qf7e7
38.Qf3e3 Qe7h4
39.Rg3h3 Qh4f6
40.Qe3e8 { resign }
1-0

[Event "Tourn. n9985"]
[Site "www.echecsemail.com"]
[Date "2018.11.19"]
[Round "1"]
[White "Luban"]
[Black "Bojan"]
[WhiteElo "2050"]
[BlackElo "1970"]
[Result "0-1"]
[Round "1"]
1.d4 d5
2.Ng1f3 h6
3.h3 e6
4.e3 a6
5.a3 Nb8d7
6.c4 c6
7.Nb1c3 Ng8f6
8.Bf1d3 dxc4
9.Bd3xc4 Nd7b6
10.Bc4d3 Bf8d6
11.O-O Nf6d5
12.e4 Nd5f4
13.e5 Nf4xd3
14.Qd1xd3 Bd6e7
15.Nf3h2 f5
16.exf6 Be7xf6
17.Bc1e3 Nb6d5
18.Qd3g6 Kf8
19.Nh2g4 Nd5xe3
20.fxe3 Qd8e8
21.Qg6xe8 Kxe8
22.Ng4xf6 gxf6
23.Rf1xf6 Ke7
24.Ra1f1 Kd6
25.e4 Bc8d7
26.e5 Kc7
27.Nc3a4 b6
28.Rf6f7 Ra8d8
29.Rf1f6 Rd8e8
30.Rf6g6 Re8f8
31.Rf7xf8 Rh8xf8
32.Rg6xh6 Rf8f4
33.Rh6f6 Rf4xd4
34.b4 c5
35.Na4xb6 Kxb6
36.bxc5 Kxc5
37.g4 Kd5
38.Rf6f8 Kxe5
39.g5 Rd4f4
40.Rf8xf4 Kxf4
41.h4 e5
{ resign }
0-1

[Event "Match"]
[Site "www.echecsemail.com"]
[Date "2018.11.19"]
[Round "1"]
[White "Zorkvonblitz"]
[Black "Apdash"]
[WhiteElo "1649"]
[BlackElo "2310"]
[Result "0-1"]
[Round "1"]
1.f4 e5
2.fxe5 d6
3.exd6 Bf8xd6
4.Ng1f3 Bc8g4
5.e3 Nb8d7
6.Nb1c3 Nd7e5
7.Nc3e4 Ne5xf3
8.gxf3 Qd8h4
9.Ke2 Bg4h5
10.Bf1g2 Qh4xe4
11.Kf2 Qe4h4
12.Kg1 O-O-O
13.Qd1f1 f5
14.b3 Bd6e5
15.Ra1b1 f4
16.e4 Be5d4
{ resign }
0-1

[Event "Match"]
[Site "www.echecsemail.com"]
[Date "2018.11.19"]
[Round "1"]
[White "Darknight"]
[Black "Tonino1"]
[WhiteElo "1880"]
[BlackElo "2120"]
[Result "0-1"]
[Round "1"]
1.e4 d6
2.Bf1c4 Ng8f6
3.d3 c6
4.a3 e5
5.h3 g6
6.Ng1f3 Bf8g7
7.Nf3g5 O-O
8.Bc1e3 d5
9.exd5 cxd5
10.Bc4a2 d4
11.Be3d2 Nb8c6
12.f3 h6
13.Ng5e4 Nf6xe4
14.fxe4 Qd8h4
15.Kf1 Kh7
16.Bd2e1 Qh4f4
17.Be1f2 f5
18.Nb1d2 fxe4
19.Nd2xe4 Bc8f5
20.g3 Bf5xe4
21.gxf4 Be4xh1
22.Kg1 Rf8xf4
23.Bf2g3 Bh1f3
24.Qd1f1 Rf4f6
25.Qf1e1 Rf6f5
26.Ba2e6 Rf5f6
27.Be6d7 Rf6f7
28.Bd7xc6 Bf3xc6
29.Bg3xe5 Ra8e8
30.Qe1a5 Re8xe5
31.Qa5xa7 Re5g5
{ resign }
0-1

[Event "Tourn. n9954"]
[Site "www.echecsemail.com"]
[Date "2018.11.19"]
[Round "1"]
[White "Kuriero"]
[Black "Tartan"]
[WhiteElo "2250"]
[BlackElo "2600"]
[Result "1/2-1/2"]
[Round "1"]
1.d4 Ng8f6
2.c4 e6
3.Ng1f3 d5
4.Nb1c3 c6
5.Bc1g5 dxc4
6.a4 Bf8b4
7.e4 c5
8.Bf1xc4 cxd4
9.Nf3xd4 h6
10.Bg5f4 Nf6xe4
11.O-O Qd8f6
12.Bf4xb8 Bb4xc3
13.Bc4b5 Ke7
14.bxc3 Ra8xb8
15.Qd1b1 Ne4d6
16.Qb1b4 Rh8d8
17.Ra1d1 e5
18.Nd4c2 Bc8e6
19.Nc2e3 Qf6f4
20.Qb4a3 Rb8c8
21.Bb5e2 b6
22.Rd1d5 Qf4xe3
23.fxe3 Be6xd5
24.a5 Rc8c5
25.axb6 { draw }
1/2-1/2

[Event "Tourn. n9939"]
[Site "www.echecsemail.com"]
[Date "2018.11.19"]
[Round "1"]
[White "Tartan"]
[Black "Darko10"]
[WhiteElo "2600"]
[BlackElo "2850"]
[Result "0-1"]
[Round "1"]
1.d4 Ng8f6
2.Ng1f3 g6
3.c4 Bf8g7
4.g3 c6
5.Bf1g2 d5
6.Nb1d2 O-O
7.O-O a5
8.b3 a4
9.Bc1a3 Rf8e8
10.e3 Bc8f5
11.Qd1e2 Nf6e4
12.Rf1c1 Ne4xd2
13.Qe2xd2 Bf5e4
14.cxd5 Qd8xd5
15.Rc1c5 Qd5d8
16.Rc5c1 axb3
17.axb3 Qd8d5
18.Qd2d1 Nb8a6
19.Ba3b2 Re8d8
20.Bb2a3 e6
21.h3 b6
22.Ba3e7 Rd8e8
23.Be7a3 c5
24.Qd1e2 Na6c7
25.b4 cxd4
26.exd4 Nc7b5
27.Ba3b2 Ra8xa1
28.Bb2xa1 Re8a8
29.Nf3e1 Be4xg2
30.Ne1xg2 Ra8xa1
{ resign }
0-1

[Event "Tourn. n9939"]
[Site "www.echecsemail.com"]
[Date "2018.11.19"]
[Round "1"]
[White "Numanoid"]
[Black "Tartan"]
[WhiteElo "2560"]
[BlackElo "2600"]
[Result "1-0"]
[Round "1"]
1.e4 e6
2.d4 d5
3.e5 c5
4.c3 Nb8c6
5.Ng1f3 Bc8d7
6.Bf1e2 Qd8b6
7.O-O Ng8e7
8.dxc5 Qb6c7
9.b4 Nc6xe5
10.Nf3xe5 Qc7xe5
11.Rf1e1 Qe5f6
12.Nb1d2 b6
13.Ra1b1 bxc5
14.c4 cxb4
15.Be2f3 Bd7c6
16.Bc1b2 Qf6g6
17.cxd5 exd5
18.Rb1c1 { resign }
1-0

[Event "Tourn. n10005"]
[Site "www.echecsemail.com"]
[Date "2018.11.19"]
[Round "1"]
[White "Apdash"]
[Black "Fantomas"]
[WhiteElo "2310"]
[BlackElo "2100"]
[Result "1/2-1/2"]
[Round "1"]
1.e4 e5
2.Ng1f3 d6
3.d4 exd4
4.Nf3xd4 h6
5.Bf1c4 Bf8e7
6.O-O Bc8d7
7.Rf1e1 Ng8f6
8.f4 O-O
9.e5 Bd7g4
10.Qd1d3 dxe5
11.fxe5 Be7c5
12.c3 Nf6d5
13.Kh1 c6
14.b4 Bc5b6
15.a4 Rf8e8
16.Bc4xd5 Qd8xd5
17.a5 Bb6c7
18.c4 Qd5d7
19.Bc1f4 Nb8a6
20.Qd3c3 Ra8d8
21.Nd4b3 Qd7d3
22.b5 Na6b8
23.Nb3c5 Qd3xc3
24.Nb1xc3 Rd8d4
25.Re1e4 Rd4xe4
26.Nc3xe4 Bc7xe5
27.Ne4d6 Be5xa1
28.Nd6xe8 Nb8d7
29.Nc5xb7 cxb5
30.cxb5 Ba1d4
31.Bf4c7 Bg4e2
32.Ne8d6 Kf8
33.Bc7d8 Be2d3
{ draw }
1/2-1/2

[Event "Tourn. n9905"]
[Site "www.echecsemail.com"]
[Date "2018.11.19"]
[Round "1"]
[White "Tartan"]
[Black "Stepanpech"]
[WhiteElo "2580"]
[BlackElo "2490"]
[Result "0-1"]
[Round "1"]
1.d4 d5
2.Ng1f3 c5
3.dxc5 e6
4.e3 Ng8f6
5.c4 Bf8xc5
6.a3 O-O
7.b4 Bc5e7
8.Bc1b2 a5
9.b5 Nb8d7
10.Nb1d2 Nd7c5
11.Bf1e2 Be7d6
12.O-O Qd8e7
13.Qd1c2 Rf8d8
14.Rf1c1 a4
15.Rc1d1 Bc8d7
16.Nf3e5 Bd7e8
17.Ra1c1 Nf6e4
18.Ne5f3 f6
19.cxd5 Ne4xd2
20.Nf3xd2 exd5
21.Qc2f5 Kh8
22.Kh1 Be8f7
23.b6 Nc5d7
24.Bb2d4 Nd7e5
25.Nd2b1 Ne5c4
26.Qf5h3 Bf7e6
27.Qh3h4 Nc4xa3
28.Be2d3 h6
29.Nb1xa3 Bd6xa3
30.Rc1c7 Rd8d7
31.Qh4g3 { time. }
0-1

[Event "1/16 Finale"]
[Site "www.chess-mail.com"]
[Date "2018.11.19"]
[Round "1"]
[White "Grischuk2789"]
[Black "Cvilhena1976"]
[WhiteElo "2550"]
[BlackElo "2210"]
[Result "0-1"]
[Round "1"]
1.e4 e5
2.Ng1f3 Nb8c6
3.Bf1b5 a6
4.Bb5a4 Ng8f6
5.O-O Bf8e7
6.Ba4xc6 dxc6
7.d3 Nf6d7
8.Nb1d2 O-O
9.Nd2c4 f6
 { time }
0-1

[Event "Match"]
[Site "www.echecsemail.com"]
[Date "2018.11.20"]
[Round "1"]
[White "Add"]
[Black "Liencam2"]
[WhiteElo "2220"]
[BlackElo "2330"]
[Result "1-0"]
[Round "1"]
1.e4 c5
2.Ng1f3 e6
3.d4 cxd4
4.Nf3xd4 a6
5.a3 Ng8f6
6.e5 Nf6d5
7.c4 Nd5b6
8.Nd4f3 Qd8c7
9.b3 d5
10.exd6 Bf8xd6
11.Bc1b2 f6
12.h3 Nb8c6
13.b4 Nc6xb4
14.axb4 Bd6xb4
15.Nb1c3 Nb6xc4
16.Qd1a4 Bc8d7
17.Qa4xb4 Nc4xb2
18.Qb4xb2 O-O
19.Bf1e2 Rf8c8
20.Ra1c1 b5
21.O-O Qc7b6
22.Qb2d2 Bd7e8
23.Nf3h2 Be8c6
24.Be2f3 a5
25.Bf3xc6 Rc8xc6
26.Qd2d3 Ra8c8
27.Nc3e2 Rc6xc1
28.Rf1xc1 Rc8d8
29.Qd3b3 Rd8d2
30.Rc1c2 Rd2d1
31.Nh2f1 b4
32.Rc2c8 Kf7
33.Qb3xd1 { resign }
1-0

[Event "Tourn. n9976"]
[Site "www.echecsemail.com"]
[Date "2018.11.20"]
[Round "1"]
[White "Bigrezi"]
[Black "Sbb"]
[WhiteElo "2320"]
[BlackElo "2630"]
[Result "0-1"]
[Round "1"]
1.e4 c5
2.Ng1f3 g6
3.d4 cxd4
4.Qd1xd4 Ng8f6
5.Nb1c3 Nb8c6
6.Qd4a4 d6
7.Bf1e2 Bf8g7
8.O-O O-O
9.Rf1d1 Bc8d7
10.Qa4b3 a6
11.Qb3xb7 Ra8b8
12.Qb7xa6 Nc6b4
13.Qa6c4 Bd7e6
14.Nc3d5 Qd8d7
15.a3 Rf8c8
16.axb4 Rc8xc4
17.Be2xc4 Be6xd5
18.exd5 Qd7c8
19.Bc4e2 Rb8xb4
20.c3 Rb4b8
21.Ra1a4 h5
22.Ra4d4 Qc8b7
23.Rd4b4 Qb7c7
24.Rb4a4 Qc7d7
25.Rd1d3 Qd7xa4
{ resign }
0-1

[Event "Match"]
[Site "www.echecsemail.com"]
[Date "2018.11.20"]
[Round "1"]
[White "Whitekknight"]
[Black "Apdash"]
[WhiteElo "1850"]
[BlackElo "2360"]
[Result "0-1"]
[Round "1"]
1.e4 c5
2.Ng1f3 d6
3.d4 cxd4
4.Nf3xd4 Nb8c6
5.Bf1b5 Bc8d7
6.Nd4xc6 bxc6
7.Bb5d3 g6
8.Nb1c3 Bf8g7
9.Bc1d2 Ng8f6
10.O-O O-O
11.f3 Qd8b6
12.Kh1 e5
13.Ra1b1 d5
14.exd5 cxd5
15.Qd1e1 Rf8e8
16.a3 Ra8c8
17.Nc3a2 e4
18.fxe4 dxe4
19.Bd3e2 Rc8xc2
20.Bd2c3 Bd7g4
21.Be2xg4 Nf6xg4
22.h3 Ng4f2
23.Kh2 e3
24.Na2b4 Bg7xc3
25.bxc3 Rc2d2
26.Rb1c1 Qb6d6
27.Kg1 Qd6g3
{ resign }
0-1

[Event "Match"]
[Site "www.echecsemail.com"]
[Date "2018.11.20"]
[Round "1"]
[White "Bojan"]
[Black "Ssharp"]
[WhiteElo "1990"]
[BlackElo "2270"]
[Result "1/2-1/2"]
[Round "1"]
1.e4 e5
2.c3 Ng8f6
3.f3 Nf6xe4
4.Qd1e2 Ne4f6
5.Qe2xe5 Bf8e7
6.d4 Nb8c6
7.Qe5g3 d5
8.Bf1d3 g6
9.h4 Nf6h5
10.Qg3f2 Be7d6
11.Ng1e2 Qd8e7
12.Kd1 Bc8e6
13.g4 Nh5g7
14.Ne2f4 O-O-O
15.Rh1e1 Qe7d7
16.Nf4xe6 Ng7xe6
17.Nb1d2 a6
18.a3 Rh8e8
19.b4 Ne6f4
20.Bd3f1 f5
21.g5 Nc6a7
22.a4 Nf4h5
23.Qf2g2 Re8xe1
24.Kxe1 Rd8e8
25.Kd1 Bd6g3
26.Qg2h3 Qd7e7
27.Bc1b2 Kb8
28.Bf1d3 Bg3e1
29.Bb2c1 Nh5f4
30.Qh3f1 Be1xh4
31.Nd2b3 Qe7xg5
32.Bc1d2 Qg5g3
33.Bd3xa6 Nf4g2
34.Ba6e2 f4
35.Nb3c5 Re8e7
36.Nc5d3 Na7c6
37.a5 g5
38.b5 Nc6d8
39.Nd3e5 Nd8f7
40.Ne5d3 Qg3h2
41.Nd3f2 Ng2e3
42.Bd2xe3 fxe3
43.Nf2g4 Qh2f4
44.Qf1g1 h5
45.Ng4h2 Nf7h6
46.Kc2 Nh6f5
47.Nh2f1 Nf5xd4
48.cxd4 Qf4xd4
49.Ra1a3 Qd4b4
50.Ra3xe3 Qb4c5
51.Kd1 Qc5d4
52.Be2d3 Qd4a1
53.Kc2 Qa1a2
54.Kc1 Qa2a3
55.Kd1 Qa3a1
{ draw }
1/2-1/2

[Event "Tourn. n9985"]
[Site "www.echecsemail.com"]
[Date "2018.11.20"]
[Round "1"]
[White "Malbertan"]
[Black "Bojan"]
[WhiteElo "1950"]
[BlackElo "2020"]
[Result "1-0"]
[Round "1"]
1.e4 e5
2.Ng1f3 d6
3.d4 exd4
4.Qd1xd4 Nb8c6
5.Bf1b5 Bc8d7
6.Bb5xc6 Bd7xc6
7.Nb1c3 h6
8.Bc1e3 Ng8f6
9.O-O-O g5
10.e5 dxe5
11.Qd4xe5 Qd8e7
12.Qe5a5 b6
13.Qa5a6 Bf8g7
14.Rh1e1 Nf6e4
15.Be3d4 O-O
16.Bd4xg7 Kxg7
17.Nf3d4 Qe7e8
18.Nc3xe4 Bc6d7
19.Ne4xg5 Qe8c8
20.Qa6xc8 Ra8xc8
21.Ng5f3 c5
22.Nd4b3 Bd7e6
23.Nf3e5 c4
24.Nb3d4 Rf8e8
25.Nd4xe6 Re8xe6
26.f4 Rc8e8
27.Rd1d7 Kg8
28.Rd7xf7 Re6xe5
29.Re1xe5 Kxf7
30.Re5xe8 Kxe8
31.Kd2 b5
32.Ke3 Ke7
33.Kd4 Kd6
34.g4 a6
35.h4 a5
36.g5 hxg5
37.fxg5 { resign }
1-0

[Event "Tourn. n9974"]
[Site "www.echecsemail.com"]
[Date "2018.11.20"]
[Round "1"]
[White "Bojan"]
[Black "Andychesston"]
[WhiteElo "1990"]
[BlackElo "2060"]
[Result "0-1"]
[Round "1"]
1.e4 e5
2.Ng1f3 Nb8c6
3.Bf1b5 d6
4.a3 Bc8g4
5.c3 Ng8f6
6.d3 Bf8e7
7.b4 O-O
8.Nb1d2 Kh8
9.h3 Bg4e6
10.Bb5xc6 bxc6
11.Nf3g5 h6
12.Ng5xe6 fxe6
13.Nd2c4 Qd8d7
14.Bc1e3 Rf8f7
15.Kd2 Ra8f8
16.Be3xa7 c5
17.f3 Nf6h5
18.a4 Be7g5
19.Kc2 Bg5f4
20.bxc5 d5
21.Nc4a5 Bf4g3
22.c6 Qd7d8
23.Ba7c5 Rf8e8
24.Ra1b1 Qd8g5
25.Rb1b4 Nh5f4
26.Bc5e3 Qg5h4
27.Qd1d2 d4
28.cxd4 exd4
29.Rb4xd4 e5
30.Rd4b4 Re8d8
31.Rb4b3 Rf7f6
32.Na5c4 Rf6xc6
33.Be3xf4 Rc6xc4
34.Rb3c3 Rc4xa4
35.Bf4xg3 Qh4xg3
36.Kb3 Rd8a8
37.Rh1b1 Ra4a3
38.Kc2 Ra3a2
39.Rb1b2 Qg3g6
40.Rc3b3 Qg6c6
41.Kd1 Ra2a1
42.Ke2 Qc6c5
43.Qd2e3 Ra1e1
{ resign }
0-1